| 000 -LEADER |
| fixed length control field |
00484nam a2200145 4500 |
| 008 - FIXED-LENGTH DATA ELEMENTS--GENERAL INFORMATION |
| fixed length control field |
190723b ||||| |||| 00| 0 eng d |
| 100 ## - MAIN ENTRY--PERSONAL NAME |
| Personal name |
Allie, Irfan Yasin |
| 245 ## - TITLE STATEMENT |
| Title |
Assessing the macroeconomic impacts of natural disasters in Uttarakhand: a perceptual study |
| 260 ## - PUBLICATION, DISTRIBUTION, ETC. (IMPRINT) |
| Date of publication, distribution, etc |
2019 |
| 300 ## - PHYSICAL DESCRIPTION |
| Extent |
p.97-102. |
| 700 ## - ADDED ENTRY--PERSONAL NAME |
| Personal name |
Vyas, Anoop Kumar |
| 9 (RLIN) |
7222 |
| 773 ## - HOST ITEM ENTRY |
| Main entry heading |
Prestige International Journal of Management and Research |
| 906 ## - LOCAL DATA ELEMENT F, LDF (RLIN) |
| Subject DIP |
Disasters - Uttarakhand |
| 942 ## - ADDED ENTRY ELEMENTS (KOHA) |
| Source of classification or shelving scheme |
|
| Item type |
Articles |